<?xml version="1.0" encoding="UTF-8"?>
<record
    xmlns:xsi="http://www.w3.org/2001/XMLSchema-instance"
    xsi:schemaLocation="http://www.loc.gov/MARC21/slim http://www.loc.gov/standards/marcxml/schema/MARC21slim.xsd"
    xmlns="http://www.loc.gov/MARC21/slim">

  <leader>01141nam a22002537a 4500</leader>
  <controlfield tag="001">1827</controlfield>
  <controlfield tag="005">20231107081647.0</controlfield>
  <datafield tag="020" ind1=" " ind2=" ">
    <subfield code="a">9781407135540</subfield>
  </datafield>
  <datafield tag="040" ind1=" " ind2=" ">
    <subfield code="a">FISKH</subfield>
    <subfield code="b">eng</subfield>
    <subfield code="c">FISKH</subfield>
    <subfield code="d">FISKH</subfield>
  </datafield>
  <datafield tag="050" ind1=" " ind2=" ">
    <subfield code="a">PZ7.W36832</subfield>
  </datafield>
  <datafield tag="082" ind1=" " ind2=" ">
    <subfield code="a">823.92</subfield>
  </datafield>
  <datafield tag="100" ind1=" " ind2=" ">
    <subfield code="a">Webb, Holly</subfield>
  </datafield>
  <datafield tag="245" ind1=" " ind2=" ">
    <subfield code="a">Hamstermagic</subfield>
    <subfield code="c">Holly Webb</subfield>
  </datafield>
  <datafield tag="250" ind1=" " ind2=" ">
    <subfield code="a">This edition published by Scholastic Ltd, 2013</subfield>
  </datafield>
  <datafield tag="260" ind1=" " ind2=" ">
    <subfield code="a">London :</subfield>
    <subfield code="b">Scholastic, </subfield>
    <subfield code="c">2013</subfield>
  </datafield>
  <datafield tag="300" ind1=" " ind2=" ">
    <subfield code="a">180, 11 unnumberd pages :</subfield>
    <subfield code="c">20 cm</subfield>
  </datafield>
  <datafield tag="505" ind1=" " ind2=" ">
    <subfield code="a">M</subfield>
  </datafield>
  <datafield tag="520" ind1=" " ind2=" ">
    <subfield code="a">Eleven-year-old Lottie's adventures in her uncle's pet shop continue! Magical cats, silly pink mice, and a bilingual dachshund all make Lottie's new home a perpetually surprising place. Her own magical abilities are growing, but will her powers be enough to stop a new threat in Netherbridge?A new neighbor has come to town, with magic stronger than Lottie's and a mind to make trouble. Fortunately, the pet shop's newest resident, Giles the hamster, is ready to help. Lucky for Lottie, he's bold, bossy, and incredibly brave!</subfield>
  </datafield>
  <datafield tag="521" ind1=" " ind2=" ">
    <subfield code="a">670 
</subfield>
    <subfield code="b">Lexile</subfield>
  </datafield>
  <datafield tag="521" ind1=" " ind2=" ">
    <subfield code="a">M 
</subfield>
    <subfield code="b">Raz-Plus</subfield>
  </datafield>
  <datafield tag="650" ind1=" " ind2=" ">
    <subfield code="2">Hamster</subfield>
  </datafield>
  <datafield tag="650" ind1=" " ind2=" ">
    <subfield code="2">Pets</subfield>
  </datafield>
  <datafield tag="942" ind1=" " ind2=" ">
    <subfield code="2">ddc</subfield>
    <subfield code="c">BK</subfield>
    <subfield code="n">0</subfield>
  </datafield>
  <datafield tag="999" ind1=" " ind2=" ">
    <subfield code="c">1827</subfield>
    <subfield code="d">1827</subfield>
  </datafield>
  <datafield tag="952" ind1=" " ind2=" ">
    <subfield code="0">0</subfield>
    <subfield code="1">0</subfield>
    <subfield code="2">ddc</subfield>
    <subfield code="4">0</subfield>
    <subfield code="7">0</subfield>
    <subfield code="8">JUVF</subfield>
    <subfield code="a">001</subfield>
    <subfield code="b">001</subfield>
    <subfield code="c">TK Orange</subfield>
    <subfield code="d">2023-10-04</subfield>
    <subfield code="l">0</subfield>
    <subfield code="o">WEB 823.92 PZ7.W36832</subfield>
    <subfield code="p">FISTKG3A058</subfield>
    <subfield code="r">2023-10-04 09:58:11</subfield>
    <subfield code="t">1</subfield>
    <subfield code="w">2023-10-04</subfield>
    <subfield code="y">BK</subfield>
  </datafield>
  <datafield tag="952" ind1=" " ind2=" ">
    <subfield code="0">0</subfield>
    <subfield code="1">0</subfield>
    <subfield code="2">ddc</subfield>
    <subfield code="4">0</subfield>
    <subfield code="7">0</subfield>
    <subfield code="8">JUVF</subfield>
    <subfield code="a">001</subfield>
    <subfield code="b">001</subfield>
    <subfield code="c">TK Orange</subfield>
    <subfield code="d">2023-10-04</subfield>
    <subfield code="l">0</subfield>
    <subfield code="o">WEB 823.92 PZ7.W36832</subfield>
    <subfield code="p">FISTKG4B053</subfield>
    <subfield code="r">2023-11-07 08:09:34</subfield>
    <subfield code="t">2</subfield>
    <subfield code="w">2023-10-04</subfield>
    <subfield code="y">BK</subfield>
  </datafield>
</record>
